Tecnología apropiada: concepto, aplicación y estrategias
Caracterización breve de los aspectos más conocidos que definen a la tecnología apropiada, caracteriza la tecnología apropiada y la problemática ante la cual surge. Clasifica tentativamento la diversidad de objetivos y móviles sociales de los sectores que la promueven, menciona las áreas de aplicaci...
Bewaard in:
| Hoofdauteur: | |
|---|---|
| Formaat: | Texto |
| Gepubliceerd in: |
Guatemala:
UNESCO
|
| Onderwerpen: | |
| Tags: |
Voeg label toe
Geen labels, Wees de eerste die dit record labelt!
|
MARC
| LEADER | 00000 a a2200000 04500 | ||
|---|---|---|---|
| 001 | 19927 | ||
| 003 | |||
| 040 | |||
| 090 | |a 081000 | ||
| 100 | |a Salinas Amescua, Bertha | ||
| 245 | |a Tecnología apropiada: concepto, aplicación y estrategias | ||
| 260 | |a Guatemala: |b UNESCO | ||
| 300 | |a 74 p. | ||
| 520 | |a Caracterización breve de los aspectos más conocidos que definen a la tecnología apropiada, caracteriza la tecnología apropiada y la problemática ante la cual surge. Clasifica tentativamento la diversidad de objetivos y móviles sociales de los sectores que la promueven, menciona las áreas de aplicación más difundidas (incluyendo proyectos implementados a raíz del terremoto de Guatemala): ecológico, sanitario, energético, agrícola, alimenticio, constructivo, habitacional y educativo./ACM | ||
| 650 | |a TECNOLOGIA APROPIADA | ||
| 650 | |a PUB. UNESCO | ||
| 999 | |c 1412 |d 1412 | ||
